| 000 | 00979nam a22002777a 4500 | ||
|---|---|---|---|
| 001 | 9257 | ||
| 003 | FISKH | ||
| 005 | 20251205132001.0 | ||
| 008 | 251205b cb ||||| |||| 00| 0 eng d | ||
| 020 | _a9781420703269 | ||
| 040 |
_aFISKH _beng _cFISKH _dFISKH |
||
| 050 | _aPZ7 | ||
| 082 | _a728 | ||
| 100 |
_aBurke, Melissa Blackwell _eAuthor |
||
| 245 |
_aWhat a home! : _bThe real deal / _cMelissa Blackwell Burke and Chris Jaeggi |
||
| 260 |
_aNorthborough : _bSundance Publishing , _c2006 |
||
| 300 |
_a32 pages : _bcolor illustrations ; _c21 cm |
||
| 505 | _aN | ||
| 520 | _aWhat's the real deal? Home is where the heart is, even of that home is shaped like a flying saucer! Check out some other strangely shaped homes, homes built for extreme climates, and moveable homes, too. | ||
| 521 | 8 |
_a610
_bLexile |
|
| 521 | 8 |
_aN
_bRaz-Plus |
|
| 650 |
_aScultptured house _vNon-fiction |
||
| 700 |
_aRechin, Kevin _eIllustrator |
||
| 942 |
_2ddc _cBK _n0 |
||
| 999 |
_c9257 _d9257 |
||